[Event "Guwahati Smart City op"]
[Site "Guwahati"]
[Date "2024.07.06"]
[Round "8"]
[White "Parambrata, Sarkar"]
[Black "Dhrupad, Kashyap"]
[Result "0-1"]
[WhiteElo "1840"]
[BlackElo "2095"]
[PlyCount "72"]
[EventDate "2024.07.02"]
[EventType "swiss"]
[EventRounds "10"]
[EventCountry "IND"]
[SourceTitle "CBM 221 Extra"]
[Source "ChessBase"]
[SourceDate "2024.09.30"]
[SourceVersion "1"]
[SourceVersionDate "2024.09.30"]
[SourceQuality "1"]

1. e4 c5 2. Nc3 Nc6 3. g3 g6 4. Bg2 Bg7 5. d3 d6 6. Nh3 e6 7. Be3 Nge7 8. Qd2 h6 9. Nf4 Rb8 10. h4 b5 11. 0-0 Nd4 12. Rab1 b4 13. Nce2 e5 14. Nd5 Nxd5 15. exd5 Nf5 16. Nc1 0-0 17. Nb3 Ba6 18. Qe2 Nxe3 19. fxe3 f5 20. Nd2 e4 21. Bh3 h5 22. Kg2 Qa5 23. Kh2 Bb5 24. Kg1 Be5 25. Nc4 Bxc4 26. dxc4 Rb7 27. Qf2 Qxa2 28. g4 hxg4 29. Bxg4 Rf6 30. Be2 f4 31. Bg4 f3 32. Be6+ Kh8 33. b3 Rg7 34. Bg4 Rf4 35. exf4 Bd4 36. Rbe1 Qxc2 0-1

[Event "Guwahati Smart City op"]
[Site "Guwahati"]
[Date "2024.07.03"]
[Round "3"]
[White "Dhrupad, Kashyap"]
[Black "Sandeep, Santhosh"]
[Result "0-1"]
[WhiteElo "2095"]
[BlackElo "1793"]
[PlyCount "114"]
[EventDate "2024.07.02"]
[EventType "swiss"]
[EventRounds "10"]
[EventCountry "IND"]
[SourceTitle "CBM 221 Extra"]
[Source "ChessBase"]
[SourceDate "2024.09.30"]
[SourceVersion "1"]
[SourceVersionDate "2024.09.30"]
[SourceQuality "1"]

1. Nf3 d5 2. c4 c6 3. g3 Nf6 4. Bg2 Nbd7 5. d4 dxc4 6. 0-0 Nb6 7. Qc2 g6 8. e4 Bg7 9. h3 0-0 10. Be3 Nfd7 11. a4 a5 12. Na3 e5 13. dxe5 Nxe5 14. Nxe5 Bxe5 15. Bc5 Re8 16. Rad1 Qc7 17. f4 Bg7 18. Bd6 Qd8 19. Qf2 Nxa4 20. Nxc4 b5 21. Bf8 Bxf8 22. Rxd8 Rxd8 23. Qc2 Be6 24. Ne5 Rac8 25. f5 gxf5 26. exf5 Bd5 27. Bxd5 Rxd5 28. Qe4 Bc5+ 29. Kh1 Rd4 30. Qe3 f6 31. Nxc6 Rd6 32. Qb3+ Kg7 33. Ne7 Re8 34. Re1 Rd4 35. Qxb5 Rxe7 36. Re6 Rc7 37. Qxa5 Bb6 38. Rxb6 Nxb6 39. Qxb6 Rdd7 40. Qf2 Rc1+ 41. Kg2 Rcd1 42. Kf3 R7d4 43. Qc2 R1d2 44. Qc7+ Rd7 45. Qc6 h5 46. Qb6 R2d3+ 47. Ke4 Rxg3 48. Kf4 h4 49. b4 Rxh3 50. Kg4 Rhd3 51. Kh5 h3 52. Qg1+ Kh8 53. Qh2 Rd2 54. Qb8+ Kh7 55. Qf8 h2 56. Qh6+ Kg8 57. Kg6 Rg2+ 0-1

[Event "Bangalore op-A 1st"]
[Site "Bangalore"]
[Date "2024.01.19"]
[Round "3"]
[White "Dhrupad, Kashyap"]
[Black "Audi, Ameya"]
[Result "0-1"]
[WhiteElo "1998"]
[BlackElo "2385"]
[PlyCount "104"]
[EventDate "2024.01.18"]
[EventType "swiss"]
[EventRounds "10"]
[EventCountry "IND"]
[SourceTitle "CBM 218 Extra"]
[Source "ChessBase"]
[SourceDate "2024.03.31"]
[SourceVersion "1"]
[SourceVersionDate "2024.03.31"]
[SourceQuality "1"]

1. Nf3 Nf6 2. c4 g6 3. d4 Bg7 4. g3 0-0 5. Bg2 c5 6. 0-0 d6 7. Nc3 Nc6 8. dxc5 dxc5 9. Bf4 Nh5 10. Be3 b6 11. Qa4 Bb7 12. Rfd1 Qe8 13. Nd5 Rd8 14. Qc2 e6 15. Nc3 Nd4 16. Nxd4 Bxg2 17. Nxe6 Qxe6 18. Kxg2 Qxc4 19. Qb3 Qg4 20. h3 Qc8 21. Qc4 Rfe8 22. a4 Be5 23. Bg5 Rd4 24. Rxd4 cxd4 25. Qxc8 Rxc8 26. Nb5 f6 27. Rc1 Re8 28. g4 fxg5 29. gxh5 a6 30. Na7 gxh5 31. Rc8 Kf7 32. Rxe8 Kxe8 33. Nc6 d3 34. exd3 Bxb2 35. f4 Kd7 36. Nb4 a5 37. Nc2 gxf4 38. Kf3 Be5 39. Ke4 Bb8 40. Nd4 Kd6 41. Nb3 Kc6 42. Nd4+ Kc5 43. Nc2 b5 44. d4+ Kb6 45. axb5 Kxb5 46. Kd3 a4 47. d5 Kc5 48. Ke4 Kc4 49. Na3+ Kb3 50. Nb5 a3 51. d6 Bxd6 52. Nxa3 Kxa3 0-1

[Event "World Cup U16 Prel"]
[Site "Tornelo INT"]
[Date "2021.08.16"]
[Round "6"]
[White "Dhrupad, Kashyap"]
[Black "Babazada, Khazar Araz"]
[Result "0-1"]
[WhiteElo "2080"]
[BlackElo "2409"]
[PlyCount "70"]
[EventDate "2021.08.16"]
[EventType "swiss (rapid)"]
[EventRounds "10"]
[EventCountry "NET"]
[SourceTitle "EXT 2025"]
[Source "ChessBase"]
[SourceDate "2024.10.14"]
[SourceVersion "1"]
[SourceVersionDate "2024.10.14"]
[SourceQuality "1"]

1. c4 d6 2. g3 g6 3. Bg2 Bg7 4. Nc3 Nd7 5. e4 e5 6. Nge2 h5 7. h3 Ngf6 8. d4 c6 9. 0-0 0-0 10. Bg5 Re8 11. Qd2 Nf8 12. Rad1 Bd7 13. d5 c5 14. Bh6 a6 15. a4 Rb8 16. Bxg7 Kxg7 17. Ra1 b5 18. cxb5 axb5 19. a5 b4 20. Nd1 Ra8 21. f4 exf4 22. Qxf4 Bb5 23. Qf2 Ra7 24. Ne3 Nxe4 25. Bxe4 Rxe4 26. Nf4 Bxf1 27. Rxf1 Qg5 28. h4 Qe5 29. Nxh5+ Qxh5 30. Qf6+ Kg8 31. Nf5 gxf5 32. Rxf5 Re1+ 33. Kg2 Qe2+ 34. Rf2 Qe4+ 35. Rf3 Qxd5 0-1

[Event "World Cup U16 Prel"]
[Site "Tornelo INT"]
[Date "2021.08.16"]
[Round "5"]
[White "Pasti, Aron"]
[Black "Dhrupad, Kashyap"]
[Result "0-1"]
[WhiteElo "2318"]
[BlackElo "2080"]
[PlyCount "46"]
[EventDate "2021.08.16"]
[EventType "swiss (rapid)"]
[EventRounds "10"]
[EventCountry "NET"]
[SourceTitle "EXT 2025"]
[Source "ChessBase"]
[SourceDate "2024.10.14"]
[SourceVersion "1"]
[SourceVersionDate "2024.10.14"]
[SourceQuality "1"]

1. e4 c5 2. Nf3 d6 3. d4 cxd4 4. Nxd4 Nf6 5. Nc3 g6 6. Be3 Bg7 7. f3 Nc6 8. Qd2 0-0 9. g4 Be6 10. Nxe6 fxe6 11. h4 d5 12. 0-0-0 Qa5 13. Kb1 d4 14. Bxd4 Rad8 15. Ne2 e5 16. Qxa5 Nxa5 17. c3 exd4 18. cxd4 Nd7 19. Bg2 Nc4 20. Rd3 Nde5 21. Rc3 Nxf3 22. Rd1 Nfd2+ 23. Kc1 Rf2 0-1

[Event "Wch U14"]
[Site "Mumbai"]
[Date "2019.10.12"]
[Round "11"]
[White "Petkov, Momchil"]
[Black "Dhrupad, Kashyap"]
[Result "1-0"]
[WhiteElo "2333"]
[BlackElo "2000"]
[PlyCount "105"]
[EventDate "2019.10.02"]
[EventType "swiss"]
[EventRounds "11"]
[EventCountry "IND"]
[SourceTitle "EXT 2020"]
[Source "ChessBase"]
[SourceDate "2019.10.17"]
[SourceVersion "1"]
[SourceVersionDate "2019.10.17"]
[SourceQuality "1"]

1. e4 c5 2. Nf3 Nc6 3. d4 cxd4 4. Nxd4 Nf6 5. Nc3 g6 6. Nxc6 bxc6 7. e5 Nh5 8. Be2 Ng7 9. 0-0 Ne6 10. Be3 Bg7 11. f4 d5 12. Na4 d4 13. Bd2 c5 14. b3 Bd7 15. Bc4 Qc8 16. Nb2 Nd8 17. Nd3 0-0 18. Qf3 Bg4 19. Qd5 Be6 20. Qxc5 Qxc5 21. Nxc5 Bxc4 22. bxc4 Rc8 23. Bb4 Nc6 24. Ba3 Na5 25. Nb3 Nxc4 26. Bxe7 Rfe8 27. Bc5 Nd2 28. Rfc1 a5 29. Bxd4 Nc4 30. Nc5 f6 31. exf6 Bxf6 32. Bxf6 Rxc5 33. Re1 Nd6 34. c3 Rc4 35. Rxe8+ Nxe8 36. Be5 Kf7 37. Rb1 Ra4 38. Rb2 Ke6 39. g3 Ra3 40. Kf2 Kf5 41. Rb8 g5 42. Rxe8 Rxa2+ 43. Ke3 Rxh2 44. fxg5 Rh1 45. Kd4 Rd1+ 46. Kc4 Re1 47. Rf8+ Kxg5 48. Kd5 a4 49. Ra8 Kf5 50. Bd4 Ra1 51. c4 Ra3 52. c5 Rxg3 53. Rf8+ 1-0

[Event "Wch U14"]
[Site "Mumbai"]
[Date "2019.10.07"]
[Round "7"]
[White "Borhy, Marcell Boldizsar"]
[Black "Dhrupad, Kashyap"]
[Result "0-1"]
[WhiteElo "2321"]
[BlackElo "2000"]
[PlyCount "62"]
[EventDate "2019.10.02"]
[EventType "swiss"]
[EventRounds "11"]
[EventCountry "IND"]
[SourceTitle "EXT 2020"]
[Source "ChessBase"]
[SourceDate "2019.10.17"]
[SourceVersion "1"]
[SourceVersionDate "2019.10.17"]
[SourceQuality "1"]

1. b3 e5 2. Bb2 Nc6 3. e3 Nf6 4. c4 d5 5. cxd5 Nxd5 6. a3 Bd6 7. Qc2 Qe7 8. d3 Bd7 9. Ne2 f5 10. Nd2 f4 11. e4 Nf6 12. Nc4 0-0 13. f3 b5 14. Nxd6 cxd6 15. g3 Rac8 16. Qd2 Nh5 17. Bg2 Qf7 18. b4 fxg3 19. hxg3 Qg6 20. Rg1 d5 21. exd5 Nd4 22. Bxd4 exd4 23. Kf2 Rce8 24. Bh1 Re3 25. Rad1 Rfe8 26. Nxd4 Qb6 27. Qc3 Re2+ 28. Kf1 Bh3+ 29. Rg2 Bxg2+ 30. Bxg2 Nxg3+ 31. Kg1 Nf5 0-1

[Event "Commonwealth-ch U16"]
[Site "New Delhi"]
[Date "2019.07.07"]
[Round "7.1"]
[White "Dhrupad, Kashyap"]
[Black "Erigaisi, Arjun Kumar"]
[Result "1/2-1/2"]
[WhiteElo "1884"]
[BlackElo "2531"]
[PlyCount "57"]
[EventDate "2019.07.01"]
[EventType "swiss"]
[EventRounds "7"]
[EventCountry "IND"]
[SourceTitle "EXT 2024"]
[Source "ChessBase"]
[SourceDate "2023.10.10"]
[SourceVersion "1"]
[SourceVersionDate "2023.10.10"]
[SourceQuality "1"]

1. e4 c5 2. Nf3 e6 3. b3 d6 4. Bb2 Nf6 5. Bb5+ Nbd7 6. Qe2 a6 7. Bxd7+ Bxd7 8. e5 Nd5 9. 0-0 Bc6 10. c4 Nf4 11. Qe3 dxe5 12. Bxe5 Nd3 13. Bg3 Qd7 14. Nc3 Be7 15. Nd5 Bxd5 16. Qxd3 Bxf3 17. Qxf3 Bf6 18. Rae1 0-0 19. Be5 Bxe5 20. Rxe5 b6 21. Rd1 Qd4 22. Re4 Qb2 23. d4 Rad8 24. Re2 Qa3 25. d5 Qb4 26. Qe4 Qa3 27. Qf3 Qb4 28. Qe4 Qa3 29. Qf3 1/2-1/2

[Event "IND-ch U11 30th"]
[Site "India"]
[Date "2016.06.30"]
[Round "4"]
[White "Dhrupad, Kashyap"]
[Black "Shahil, Dey"]
[Result "1/2-1/2"]
[WhiteElo "1608"]
[BlackElo "1703"]
[PlyCount "85"]
[EventDate "2016.06.28"]
[EventType "swiss"]
[EventRounds "11"]
[EventCountry "IND"]
[SourceTitle "CBM 173 Extra"]
[Source "ChessBase"]
[SourceDate "2016.08.29"]
[SourceVersion "1"]
[SourceVersionDate "2016.08.29"]
[SourceQuality "1"]

1. e4 c5 2. Nf3 e6 3. d4 cxd4 4. Nxd4 a6 5. c4 Nf6 6. Nc3 Bb4 7. Bd3 Qc7 8. Be3 0-0 9. 0-0 Nc6 10. Qe2 Ne5 11. Rac1 Nxd3 12. Qxd3 Ng4 13. g3 Nxe3 14. Qxe3 Bc5 15. Qd3 b6 16. Rfd1 Be7 17. Nb3 d6 18. Qe3 Bd7 19. Ne2 Bc6 20. Nbd4 Bb7 21. Nc3 Qc5 22. Na4 Qa5 23. b3 Rac8 24. Qd3 Rc7 25. f4 Rfc8 26. Rb1 Bf6 27. Nf3 b5 28. Nb2 Qb6+ 29. Kf1 Bxb2 30. Rxb2 bxc4 31. Qxd6 Qxd6 32. Rxd6 c3 33. Rb1 Bxe4 34. Rbd1 h6 35. Ne5 c2 36. Rc1 a5 37. Nc4 a4 38. Rd4 Bf5 39. Nd6 axb3 40. axb3 Rb8 41. Nxf5 Rxb3 42. Rd8+ Kh7 43. Nd4 1/2-1/2